000 00457 a2200145 4500
005 20250626133727.0
020 _a978-1-84762-138-2
082 _a301 HAL
245 _aAs-Level Sociology : The Revision Guide
260 _aNewcastle,
_bCoordination Group,
_c2004.
300 _a102p.: ill.;
_bglossary & index,
_c29cm.
700 _aHALLAM, G . , HARTE, T . &REED, K .
856 _yAccess Online Book
_fSociology
_dwww.cgpbooks.co.uk
942 _2ddc
_cBKS
999 _c5362
_d5362